Kirs László tanár gratuláló levele Szent-Györgyi Alberthez. Egyúttal felkéri előadás megtartására

Elmentve itt :
Bibliográfiai részletek
Szerző: Kirs László
Dokumentumtípus: Kézirat
Megjelent: 1937-11-08
Kulcsszavak:Levelezés - Kirs László - Szent-Györgyi Albert, Nobel-díj - 1937
Online Access:http://misc.bibl.u-szeged.hu/47754
LEADER 00687ntm a2200169 i 4500
001 misc47754
005 20241203134229.0
008 210121s1937 hu o 000 hun d
040 |a SZTE Miscellanea Repozitórium  |b hun 
041 |a hun 
100 1 |a Kirs László 
245 1 0 |a Kirs László tanár gratuláló levele Szent-Györgyi Alberthez. Egyúttal felkéri előadás megtartására  |h [elektronikus dokumentum] /  |c  Kirs László 
260 |c 1937-11-08 
300 |a 2 fol. 
561 |a Szent-Györgyi Albert gratuláló levelek 
695 |a Levelezés - Kirs László - Szent-Györgyi Albert, Nobel-díj - 1937 
856 4 0 |u http://misc.bibl.u-szeged.hu/47754/1/1937_nov_2.pdf  |z Dokumentum-elérés